Growth factors and transformation

Uloženo v:
Podrobná bibliografie
Hlavní autor: Feramisco, James (Autor)
Médium: Kniha
Jazyk:angličtina
Vydáno: Nueva York Cold Spring Harbor Laboratory 1985
Edice:Cancer Cells, 3
Témata:
Tagy: Přidat tag
Žádné tagy, Buďte první, kdo vytvoří štítek k tomuto záznamu!

MARC

LEADER 00000nam a2200000 a 4500
001 UCM6679
003 CL-VaPUC
008 021122e19850000US |||||||||||||||||eng|d
082 0 4 |a 616.994071  |b FER  |2 21 
100 0 |a Feramisco, James  |e author  |9 472453 
245 1 0 |a Growth factors and transformation 
300 |a 450 p 
942 |c BK 
945 |d 20021122 00:00:00  |a vberengu 
260 |a Nueva York  |b Cold Spring Harbor Laboratory  |c 1985 
650 0 |a Cáncer  |9 315942 
650 7 |a NEOPLASMAS  |2 CL-VaPUC  |9 384795 
583 |a last modification  |c 20021122 00:00:00  |k Rodrigo Vera 
490 0 |a Cancer Cells, 3 
999 |c 301913  |d 301911 
952 |0 0  |1 0  |4 0  |6 616_994071000000000_FER_1985  |7 0  |8 A  |9 361719  |a BIBCUR  |b BIBCUR  |d 2019-11-21  |i 3848299  |o 616.994071 FER 1985  |p 3848299  |r 2025-04-22  |w 2019-11-21  |y BK  |k BCB